000
00297nam a22001337a 4500
008
170802b xxu||||| |||| 00| 0 eng d
020
_a
752064059493
041
_a
eng
080
_2
3RD
_a
004
100
_a
32
101
_a
SHK
245
_a
DESIGNING WEB GRAPHICS.3
_c
WEINMAN,L
942
_2
udc
_c
BK
999
_c
22464
_d
22464